000 00509nam a2200181 i 4500
001 44606
003 ES-MaACL
005 20250930063049.0
007 t|
008 030321s1952 sp ||||1| spa d
100 1 _aClarasó, Noel,
_d1899-1985
_939003
245 1 3 _aLa muerte tomaba el sol /
_cpor Noel Clarasó.
250 _a[1ª ed.].
260 _aBarcelona :
_bJanés,
_c1952 (
_fTip. Miguza)
300 _a210 p. ;
_c19 cm.
852 _aES-MaACL
_jD-9177
_bR.34230
999 _c44606
_d44606